000 00877nam a22001577a 4500
003 OSt
005 20151007110550.0
008 151007b xxu||||| |||| 00| 0 eng d
040 _cRUA
082 _aAVM CHR 2007 B079 Or.1
100 _92260
_aCHRENG, CHAMROEUN.
245 _athe effect of using sun-dry taro leave in feed ingredient on growth rate of quail experiment station at royal university of agriculture (​ ឥទ្ធិពលនៃការប្រើប្រាស់ស្លឹកត្រាវព្រៃក្រៀមក្នុងចំណីផ្សំទៅលើការលូតាស់របស់ក្រួចនៅស្ថានីយ៍ពិសោធន៍នៃសាកលវិទ្យាល័យភូមិន្ទកសិកម្ម)
260 _aPhnom Penh
_bRUA
_c2007
300 _aix, 42p.
_bill.
_c29cm.
942 _2ddc
_cAVM
999 _c2129
_d2129